000 00761nam a22002417a 4500
001 75629
003 UA-OsUOA
005 20220412204159.0
007 ta
008 20110527b un ||||| |||| 00| 0 ukr d
020 _a9789664392430
040 _aUA-OsUOA
_bukr
_cUA-OsUOA
_dUA-OsUOA
041 _aukr
080 _a81.23
090 _a81.23
_bБ40
100 _aБезпаленко А. М.
245 _aПринцип суміжності у мові. Слово у дзеркалі гештальттеорії
_bмонографія
260 _aК.
_bБджола
_c2009
300 _a424 с.
650 7 _a8 Мовознавство. Художня література. Літературознавство
_2UDC
942 _cBK
_2udc
955 _a1
999 _c361924
_d361924